| 000 | 00703nam a22002291i 4500 | ||
|---|---|---|---|
| 001 | 36326 | ||
| 003 | BD-RjUL | ||
| 005 | 20211209052454.0 | ||
| 008 | 140619s1952 nyua b 00010 eng d | ||
| 035 | _a(BD-RjUL)36423 | ||
| 040 |
_aBD-RjUL _beng _cBD-RjUL _dBD-RjUL |
||
| 041 | _aeng | ||
| 082 | 0 | 0 |
_bFOR 1952 _a320 |
| 245 | 1 | 0 |
_aForeign governments : _bthe dynamics of politics abroad / _cedited by Fritz Morstein Marx...[et al] |
| 250 | _a2nd ed. | ||
| 260 |
_aNew York : _bPrentice-Hall, _c1952. |
||
| 300 |
_axxxiii. 717p. : _bdiags. ; _c24cm. |
||
| 504 | _aBibliographical footnotes. | ||
| 650 | 0 |
_aPolitical science. _9111270 |
|
| 700 | 1 |
_aMarx, Fritz Morstein. _d1917- _9110534 |
|
| 942 |
_2ddc _cBK |
||
| 999 |
_c36326 _d36326 |
||